[Event "Senta op 22nd"]
[Site "Senta"]
[Date "2018.07.16"]
[Round "4"]
[White "Mijic, Vladimir"]
[Black "Wang, Zideng"]
[Result "0-1"]
[WhiteElo "2185"]
[BlackElo "1977"]
[PlyCount "80"]
[EventDate "2018.07.14"]
[EventType "swiss"]
[EventRounds "9"]
[EventCountry "SRB"]
[SourceTitle "CBM 185 Extra"]
[Source "ChessBase"]
[SourceDate "2018.07.29"]
[SourceVersion "1"]
[SourceVersionDate "2018.07.29"]
[SourceQuality "1"]

1. e4 c6 2. d4 d5 3. Nc3 dxe4 4. Nxe4 Bf5 5. Ng3 Bg6 6. Nf3 e6 7. Bd3 Bxd3 8. Qxd3 Nf6 9. 0-0 Nbd7 10. Bd2 Qc7 11. Rfe1 0-0-0 12. Qe2 Bd6 13. Ne5 Nxe5 14. dxe5 Bxe5 15. c3 h5 16. Nf1 Bd6 17. Bg5 Bf4 18. Bxf6 gxf6 19. Rad1 Rdg8 20. Rd3 Qa5 21. Qf3 Qg5 22. Red1 Qg4 23. Qxg4 hxg4 24. g3 Bg5 25. Kg2 f5 26. f4 gxf3+ 27. Kxf3 e5 28. Rd7 Rd8 29. Rxd8+ Rxd8 30. Rxd8+ Kxd8 31. Ne3 e4+ 32. Ke2 f4 33. Nf5 Kd7 34. h4 f3+ 35. Kf2 Bc1 36. b3 Ke6 37. Nd4+ Ke5 38. Nc2 Kf5 39. Ne3+ Bxe3+ 40. Kxe3 Kg4 0-1

[Event "Senta op 21st"]
[Site "Senta"]
[Date "2017.07.26"]
[Round "3"]
[White "Nestorovic, Lazar"]
[Black "Mijic, Vladimir"]
[Result "1-0"]
[WhiteElo "2371"]
[BlackElo "2205"]
[PlyCount "103"]
[EventDate "2017.07.24"]
[EventType "swiss"]
[EventRounds "9"]
[EventCountry "SRB"]
[SourceTitle "CBM 179 Extra"]
[Source "ChessBase"]
[SourceDate "2017.08.23"]
[SourceVersion "1"]
[SourceVersionDate "2017.08.23"]
[SourceQuality "1"]

1. e4 e6 2. d4 d5 3. Nc3 Nf6 4. Bd3 c5 5. Nf3 Nc6 6. exd5 exd5 7. dxc5 Bxc5 8. 0-0 0-0 9. Bg5 Be7 10. Re1 Be6 11. Nb5 Re8 12. h3 a6 13. Nbd4 Bd7 14. Nxc6 bxc6 15. Ne5 Qc7 16. Qf3 Be6 17. Qg3 Nh5 18. Qh4 Bxg5 19. Qxg5 Nf6 20. Re3 h6 21. Qg3 Nd7 22. Rae1 f6 23. Nxd7 Qxg3 24. Nxf6+ Kf7 25. Rxg3 Kxf6 26. Rf3+ Ke7 27. Bg6 Rf8 28. Rfe3 Rf6 29. Bf5 Rxf5 30. Rxe6+ Kd7 31. Re7+ Kd6 32. Rxg7 Raf8 33. Rg6+ R8f6 34. Rxf6+ Rxf6 35. g4 Kc5 36. Kg2 d4 37. Kg3 Kc4 38. f4 c5 39. g5 Rb6 40. b3+ Kc3 41. Re2 c4 42. bxc4 Kxc4 43. Kg4 Kc3 44. gxh6 Rxh6 45. f5 a5 46. Re6 Rh8 47. Rc6+ Kb2 48. a4 Rg8+ 49. Kf4 Rh8 50. f6 Rxh3 51. f7 Rh2 52. Rf6 1-0

[Event "Senta op 20th"]
[Site "Senta"]
[Date "2016.07.28"]
[Round "8"]
[White "Mijic, Vladimir"]
[Black "Solymosi, Andras"]
[Result "1-0"]
[WhiteElo "2213"]
[BlackElo "1992"]
[PlyCount "115"]
[EventDate "2016.07.22"]
[EventType "swiss"]
[EventRounds "9"]
[EventCountry "SRB"]
[SourceTitle "EXT 2017"]
[Source "ChessBase"]
[SourceDate "2016.10.25"]
[SourceVersion "1"]
[SourceVersionDate "2016.10.25"]
[SourceQuality "1"]

1. e4 c5 2. Nf3 d6 3. Bb5+ Bd7 4. Bxd7+ Qxd7 5. 0-0 Nc6 6. c3 Nf6 7. d4 Nxe4 8. d5 Nb8 9. Re1 Nf6 10. Bg5 Qf5 11. Bxf6 gxf6 12. Qb3 b6 13. Qb5+ Kd8 14. c4 Rg8 15. Nbd2 Bh6 16. g3 Bf4 17. Re4 Bxd2 18. Nxd2 Rg4 19. Rae1 Rxe4 20. Nxe4 Nd7 21. f4 Rc8 22. Qa4 Rc7 23. Qb5 Qg6 24. Qa6 Nb8 25. Qa4 f5 26. Nc3 a6 27. Qc2 Qf6 28. Qe2 Nd7 29. a4 Qd4+ 30. Kg2 Nf8 31. Rd1 Qg7 32. Rd2 Qg4 33. Qf2 Ng6 34. Kh1 h5 35. Nd1 h4 36. Ne3 Qh5 37. Kg2 Kd7 38. Qf3 Qxf3+ 39. Kxf3 hxg3 40. Nxf5 gxh2 41. Rxh2 Rc8 42. Rh7 Rf8 43. Ke4 Ke8 44. Ng7+ Kd8 45. Nf5 Kd7 46. b3 Kc7 47. Rg7 b5 48. axb5 axb5 49. Nh6 bxc4 50. bxc4 Nh8 51. f5 Kd7 52. Rh7 f6 53. Kf4 Ke8 54. Kg4 Kd8 55. Rxh8 Rxh8 56. Nf7+ Kc7 57. Nxh8 Kb6 58. Kf4 1-0

[Event "Senta op 20th"]
[Site "Senta"]
[Date "2016.07.27"]
[Round "7"]
[White "Kecskemeti, Arpad"]
[Black "Mijic, Vladimir"]
[Result "1/2-1/2"]
[WhiteElo "2120"]
[BlackElo "2213"]
[PlyCount "67"]
[EventDate "2016.07.22"]
[EventType "swiss"]
[EventRounds "9"]
[EventCountry "SRB"]
[SourceTitle "EXT 2017"]
[Source "ChessBase"]
[SourceDate "2016.10.25"]
[SourceVersion "1"]
[SourceVersionDate "2016.10.25"]
[SourceQuality "1"]

1. e4 e6 2. d4 d5 3. Nc3 dxe4 4. Nxe4 Nd7 5. Bd3 Ngf6 6. Qe2 c5 7. Nxf6+ Nxf6 8. dxc5 Bxc5 9. Nf3 0-0 10. 0-0 b6 11. Bg5 Bb7 12. c3 Qc7 13. Rad1 Ng4 14. Be4 Be7 15. Bxe7 Qxe7 16. Bxb7 Qxb7 17. Rd4 Nf6 18. Rfd1 a6 19. Ne5 b5 20. Nd7 Nxd7 21. Rxd7 Qc6 22. R1d6 Qc5 23. Qe4 Rac8 24. Rxa6 b4 25. g3 bxc3 26. bxc3 Qxc3 27. Kg2 h6 28. a4 Rc4 29. Qb7 Qf6 30. Ra8 Rxa8 31. Qxa8+ Kh7 32. Qb7 Rxa4 33. Rxf7 Qg6 34. Rf8 1/2-1/2

[Event "Senta op 20th"]
[Site "Senta"]
[Date "2016.07.23"]
[Round "3"]
[White "Kovacs, Arthur"]
[Black "Mijic, Vladimir"]
[Result "0-1"]
[WhiteElo "2007"]
[BlackElo "2213"]
[PlyCount "30"]
[EventDate "2016.07.22"]
[EventType "swiss"]
[EventRounds "9"]
[EventCountry "SRB"]
[SourceTitle "EXT 2017"]
[Source "ChessBase"]
[SourceDate "2016.10.25"]
[SourceVersion "1"]
[SourceVersionDate "2016.10.25"]
[SourceQuality "1"]

1. d4 e6 2. Nf3 d5 3. c4 c6 4. cxd5 exd5 5. Nc3 Nf6 6. Bg5 Be7 7. Qc2 Nbd7 8. e3 0-0 9. Bd3 Re8 10. 0-0 Nf8 11. Rab1 a5 12. a3 Ng6 13. b4 Bd6 14. e4 dxe4 15. Bxf6 exd3 0-1

[Event "Senta op 20th"]
[Site "Senta"]
[Date "2016.07.22"]
[Round "1"]
[White "Petric, Dragan"]
[Black "Mijic, Vladimir"]
[Result "0-1"]
[WhiteElo "1764"]
[BlackElo "2213"]
[PlyCount "32"]
[EventDate "2016.07.22"]
[EventType "swiss"]
[EventRounds "9"]
[EventCountry "SRB"]
[SourceTitle "EXT 2017"]
[Source "ChessBase"]
[SourceDate "2016.10.25"]
[SourceVersion "1"]
[SourceVersionDate "2016.10.25"]
[SourceQuality "1"]

1. e4 e6 2. f4 d5 3. e5 c5 4. Nf3 Nc6 5. Nc3 Nge7 6. a3 Nf5 7. Bb5 Bd7 8. 0-0 a6 9. Bd3 Nfd4 10. Nxd4 Nxd4 11. Ne2 Nxe2+ 12. Bxe2 Be7 13. d4 cxd4 14. Qxd4 Rc8 15. h3 Bc5 16. Qxc5 Rxc5 0-1

[Event "Senta op-A 13th"]
[Site "Senta"]
[Date "2009.07.25"]
[Round "9"]
[White "Mijic, Vladimir"]
[Black "Nestorovic, Lazar"]
[Result "1-0"]
[WhiteElo "2220"]
[BlackElo "2240"]
[PlyCount "91"]
[EventDate "2009.07.18"]
[EventType "swiss"]
[EventRounds "9"]
[EventCountry "YUG"]
[SourceTitle "CBM 131 Extra"]
[Source "ChessBase"]
[SourceDate "2009.09.03"]
[SourceVersion "2"]
[SourceVersionDate "2009.09.16"]
[SourceQuality "1"]

1. e4 c5 2. Nf3 d6 3. Bb5+ Nc6 4. c3 a6 5. Ba4 b5 6. Bc2 g6 7. h3 Bg7 8. 0-0 Nf6 9. d4 cxd4 10. cxd4 0-0 11. a3 Bb7 12. Nc3 b4 13. axb4 Nxb4 14. Bb1 a5 15. Be3 Nd7 16. Re1 Nb6 17. Nd2 f5 18. exf5 gxf5 19. Bg5 Rf7 20. Qh5 Qf8 21. Qh4 Bf6 22. Bxf6 Rxf6 23. Re3 Kh8 24. Nf3 Qg7 25. Ng5 h6 26. Rg3 f4 27. Rg4 Bc8 28. Nge4 Bxg4 29. Nxf6 Bxh3 30. Qxh3 Qxf6 31. Be4 d5 32. Bf3 e6 33. Re1 Re8 34. Bg4 Nc2 35. Rxe6 Rxe6 36. Bxe6 Nxd4 37. Nxd5 Nxd5 38. Bxd5 Qd6 39. Qc8+ Kg7 40. Qg8+ Kf6 41. Qh8+ Kg5 42. Qxd4 Qe7 43. Bf3 Qc7 44. Qd5+ Kf6 45. Qc6+ Qxc6 46. Bxc6 1-0

[Event "Senta op"]
[Site "Senta"]
[Date "2002.07.20"]
[Round "3"]
[White "Arsovic, Zoran"]
[Black "Mijic, Vladimir"]
[Result "1-0"]
[WhiteElo "2410"]
[BlackElo "2260"]
[PlyCount "79"]
[EventDate "2002.07.19"]
[EventType "swiss"]
[EventRounds "9"]
[EventCountry "YUG"]
[SourceTitle "CBM 089 Extra"]
[Source "ChessBase"]
[SourceDate "2002.09.10"]
[SourceVersion "2"]
[SourceVersionDate "2002.09.10"]
[SourceQuality "1"]

1. Nf3 d5 2. g3 c5 3. Bg2 Nc6 4. 0-0 e5 5. d3 Nf6 6. Nbd2 Be7 7. e4 d4 8. Nc4 Qc7 9. a4 Be6 10. Ng5 Bxc4 11. dxc4 h6 12. Nh3 g5 13. f3 0-0-0 14. Nf2 Rdg8 15. Bh3+ Kb8 16. Bd2 h5 17. Bf5 Ne8 18. Qe2 Nd6 19. Bh3 Rg7 20. b3 Rgh7 21. Bf5 Rg7 22. Nd3 a5 23. Rf2 b6 24. Raf1 h4 25. Rg2 Bd8 26. gxh4 Rxh4 27. f4 f6 28. fxg5 fxg5 29. Be1 Rh8 30. Be6 Qe7 31. Bd5 Nb4 32. Bxb4 axb4 33. a5 Qd7 34. Nxe5 Qh3 35. Nc6+ Kc7 36. a6 g4 37. Nxd8 Rxd8 38. Qd3 Qh6 39. a7 Nb7 40. Qg3+ 1-0

[Event "YUG-ch23 corr9798"]
[Site "Yugoslavia"]
[Date "1997.??.??"]
[Round "?"]
[White "Brindza, Istvan"]
[Black "Mijic, Vladimir"]
[Result "1-0"]
[WhiteElo "2250"]
[BlackElo "2250"]
[PlyCount "95"]
[EventDate "1997.03.??"]
[EventType "tourn (corr)"]
[EventRounds "16"]
[EventCountry "YUG"]
[EventCategory "2"]
[SourceTitle "Corr 2000"]
[Source "ChessBase"]
[SourceDate "2000.04.19"]
[SourceVersion "1"]
[SourceVersionDate "2000.04.19"]
[SourceQuality "1"]

1. d4 e6 2. c4 d5 3. Nc3 c6 4. Nf3 dxc4 5. a4 Bb4 6. e3 b5 7. Bd2 a5 8. axb5 Bxc3 9. Bxc3 cxb5 10. b3 Bb7 11. bxc4 b4 12. Bb2 Nf6 13. Bd3 Nbd7 14. 0-0 Qc7 15. Re1 0-0 16. e4 e5 17. c5 Rfe8 18. dxe5 Ng4 19. Bb5 Red8 20. c6 Bxc6 21. Qc2 Rdc8 22. Rec1 Ndxe5 23. Nxe5 Nxe5 24. Qc5 Qb8 25. Bxc6 Rxc6 26. Qxe5 Qxe5 27. Bxe5 Rxc1+ 28. Rxc1 f6 29. Bd6 Rd8 30. e5 fxe5 31. Bxe5 a4 32. f4 b3 33. Rc7 g6 34. Rg7+ Kf8 35. Ra7 b2 36. Bxb2 Rd1+ 37. Kf2 Rd2+ 38. Kf3 Rxb2 39. Rxh7 a3 40. Ra7 a2 41. Kg3 Kg8 42. Kh3 Rf2 43. Kg3 Rb2 44. h3 Rc2 45. Kf3 Rb2 46. g4 Rb3+ 47. Kg2 Rb2+ 48. Kg3 1-0

[Event "YUG-ch23 corr9798"]
[Site "Yugoslavia"]
[Date "1997.??.??"]
[Round "?"]
[White "Mijic, Vladimir"]
[Black "Matovic, Petar"]
[Result "1-0"]
[WhiteElo "2250"]
[BlackElo "2250"]
[PlyCount "41"]
[EventDate "1997.03.??"]
[EventType "tourn (corr)"]
[EventRounds "16"]
[EventCountry "YUG"]
[EventCategory "2"]
[SourceTitle "Corr 2000"]
[Source "ChessBase"]
[SourceDate "2000.04.19"]
[SourceVersion "1"]
[SourceVersionDate "2000.04.19"]
[SourceQuality "1"]

1. e4 d5 2. exd5 Qxd5 3. Nc3 Qa5 4. d4 Nf6 5. Nf3 c6 6. Bd2 Bf5 7. Bc4 e6 8. Ne4 Qc7 9. Nxf6+ gxf6 10. c3 Nd7 11. Qe2 0-0-0 12. 0-0-0 Nb6 13. Bb3 c5 14. dxc5 Bxc5 15. Nh4 Bd3 16. Qf3 Nc4 17. Bf4 Ne5 18. Bxe5 Qxe5 19. Rxd3 Qg5+ 20. Kb1 Qxh4 21. g3 1-0

[Event "YUG-ch23 corr9798"]
[Site "Yugoslavia"]
[Date "1997.??.??"]
[Round "?"]
[White "Mijic, Vladimir"]
[Black "Segi, Lajos"]
[Result "1/2-1/2"]
[WhiteElo "2250"]
[BlackElo "2300"]
[PlyCount "39"]
[EventDate "1997.03.??"]
[EventType "tourn (corr)"]
[EventRounds "16"]
[EventCountry "YUG"]
[EventCategory "2"]
[SourceTitle "Corr 2000"]
[Source "ChessBase"]
[SourceDate "2000.04.19"]
[SourceVersion "1"]
[SourceVersionDate "2000.04.19"]
[SourceQuality "1"]

1. e4 e5 2. Nf3 Nc6 3. Nc3 Nf6 4. d4 exd4 5. Nxd4 Bb4 6. Nxc6 bxc6 7. Bd3 d5 8. exd5 cxd5 9. Qe2+ Be7 10. 0-0 0-0 11. Re1 Re8 12. Bg5 Be6 13. Bb5 Bd7 14. Bxf6 Bxf6 15. Qxe8+ Bxe8 16. Rxe8+ Qxe8 17. Bxe8 Bxc3 18. Bc6 Bxb2 19. Bxa8 Bxa1 20. Bxd5 1/2-1/2

[Event "YUG-ch23 corr9798"]
[Site "Yugoslavia"]
[Date "1997.??.??"]
[Round "?"]
[White "Mirkovic, Slobodan"]
[Black "Mijic, Vladimir"]
[Result "1-0"]
[WhiteElo "2350"]
[BlackElo "2250"]
[PlyCount "95"]
[EventDate "1997.03.??"]
[EventType "tourn (corr)"]
[EventRounds "16"]
[EventCountry "YUG"]
[EventCategory "2"]
[SourceTitle "Corr 2000"]
[Source "ChessBase"]
[SourceDate "2000.04.19"]
[SourceVersion "1"]
[SourceVersionDate "2000.04.19"]
[SourceQuality "1"]

1. e4 e6 2. d4 d5 3. e5 c5 4. c3 Nc6 5. Nf3 Qb6 6. a3 c4 7. Nbd2 f6 8. Be2 fxe5 9. Nxe5 Nxe5 10. dxe5 Bc5 11. 0-0 Ne7 12. b4 cxb3 13. Nxb3 0-0 14. Nxc5 Qxc5 15. Qc2 Bd7 16. a4 Rf7 17. Ba3 Qc7 18. Bd6 Qd8 19. Bd3 Nf5 20. a5 a6 21. Bc5 Rc8 22. Bb6 Qh4 23. Qd2 g5 24. Rab1 Bb5 25. Bxb5 axb5 26. Rb4 Rc4 27. Rxb5 Nh6 28. Bd4 Nf5 29. Bc5 Qh5 30. f3 g4 31. f4 g3 32. h3 Re4 33. Rfb1 Qe2 34. Qxe2 Rxe2 35. Kf1 Ra2 36. R1b2 Ra1+ 37. Ke2 Nh4 38. Ke3 Kg7 39. Kd3 Kg6 40. Rb6 Kf5 41. Rxb7 Rxb7 42. Rxb7 Nxg2 43. Rf7+ Kg6 44. Rf6+ Kg7 45. Bf8+ Kg8 46. Bh6 Rd1+ 47. Ke2 Re1+ 48. Kd2 1-0